| 000 | 01214nam a2200313 c 4500 | ||
|---|---|---|---|
| 999 |
_c142226 _d142226 |
||
| 003 | BLK | ||
| 005 | 20210202110950.0 | ||
| 008 | 180409b bul|||||r ||||||| ||bul|| | ||
| 010 | _aKNG00148312000 | ||
| 040 | _aBLK | ||
| 041 |
_aBUL _cBUL |
||
| 080 |
_aБългарска литература _b821.163.2 _x-93-7 _z821.163.2-93-7 |
||
| 100 | 1 |
_aПопов, Йордан Софрониев _eпърви автор _9365981 |
|
| 139 |
_aПопов, Йордан Софрониев _bП 76 |
||
| 245 | 1 | 0 |
_aКокозу _bХуморист. повест за деца _cЙордан Софрониев Попов; ил. Генчо Иванов Симеонов. |
| 257 | _aBGR | ||
| 260 |
_bОтечество _c1981 _aСофия _fДПК Димитър Благоев |
||
| 300 |
_a59 с. _bс ил. _c32 см |
||
| 380 | _aDX | ||
| 500 | _a25 115 тир. | ||
| 653 | _aдетска литература | ||
| 653 | _aлитература за деца | ||
| 700 | 1 |
_aСимеонов, Генчо Иванов _eил. _9378708 |
|
| 852 | _aЦб ІІ 18505 | ||
| 856 | 4 | _qpdf | |
| 856 | 4 | _qpdf | |
| 942 |
_cKNG _n0 _s1 |
||
| 944 |
_aCR _c02.08.2013 _l02.08.2013 - от С1,Р / 02.08.2013 _kИвелин_Иванов |
||
| 944 |
_aED _c02.08.2013 _l02.08.2013 - от С1,Р / 02.08.2013 |
||
| 999 | _d142226 | ||